| 000 | 00726nam a2200229 i 4500 | ||
|---|---|---|---|
| 001 | 182177 | ||
| 003 | ES-MaACL | ||
| 005 | 20231022192431.0 | ||
| 008 | 130621s2012 sp | |||||||| | spa d | ||
| 020 | _a978-84-939308-4-4 | ||
| 080 | _a821.111-31"19" | ||
| 100 | 1 |
_aLively, Penelope ( _d1933-) _9152973 |
|
| 245 | 1 | 3 |
_aLa fotografía / _cPenelope Lively ; traducción de Pepa Linares. |
| 250 | _a1ª ed. | ||
| 260 |
_aZaragoza : _bContraseña, _c2012. |
||
| 300 |
_a266 p. ; _c21 cm. |
||
| 700 | 1 |
_aLinares, Pepa. _972344 |
|
| 852 |
_aES-MaACL _jA-12756 _9189088 _bR.148893 _cDEPO1 _dOlim: N-5756 _xDonación: Pepa Linares |
||
| 903 |
_972344 _aLinares, Pepa _ednr |
||
| 942 |
_2udc _cMONOGRAFIA |
||
| 999 |
_c182177 _d182177 |
||